| 000 | 00885nam a22002055i 4500 | ||
|---|---|---|---|
| 001 | 161088 | ||
| 003 | ES-MaACL | ||
| 005 | 20250917063056.0 | ||
| 008 | 950206s1882 sp |||| | spa d | ||
| 040 |
_aCLM _bspa _cCCPB | PA2 |
||
| 100 | 1 |
_aOrtega Rubio, Juan, _d1845-1921 _987490 |
|
| 245 | 1 | 0 |
_aDiscurso leido en la Universidad de Valladolid en la solemne inauguracion del curso académico de 1882 á 1883 / _cpor Juan Ortega y Rubio. |
| 260 |
_aValladolid : _b[s.n.], _c1882 ( _fImprenta de L. Garrido) |
||
| 300 |
_a75 p. ; _c28 cm. |
||
| 500 | _aTema: Leibniz: su sistema filosófico. | ||
| 600 | 1 | 4 |
_aLeibniz, Gottfried Wilhelm _cFreiherr von- _xCrítica e interpretación. _971369 |
| 710 | 2 |
_aUniversidad de Valladolid. _97332 |
|
| 852 |
_aES-MaACL _jT-385-F-4 _z-- Enc. hol. _q-- Falto de la cub. original _z-- Enc. en un vol. facticio |
||
| 999 |
_c161088 _d161088 |
||